000 00676nam a2200241Ia 4500
003 OSt
005 20221005092826.0
006 a|||||r|||| 00| 0
007 ta
008 221004b |||||||| |||| 00| 0 eng d
024 _a122368
037 _bGift, 27/10/2012,
_cTextual
040 _aCRL
_cCRL
_beng
041 _2eng
_aeng
082 _aV3wJ50, K6
100 _aRobb Nesca A.
_9617810
245 0 _aWilliam of orange
_b A personal portrait
260 _aNew York
_bSt Martin's Press U.S.A
_c1966
300 _axi, 571p.
_ccm.
650 _aHISTORY
942 _hV3wJ50, K6
_cTEXL
_2cc
999 _c999420
_d999420